00551nam a2200205 a 4500001001300000003000900013005001700022008004100039020002200080082002100102100001900123245005400142260003700196300000900233500003500242505002800277650001300305650000800318700001900326nice12345678IN_TiNIC20260116013714.0050524s1997 newa grp 000 0 eng  a8185990 c9000a324.245408bELS1 aElst, Koenraad aBharatiya Janata Party Vis-A-Vis Hindu Resurgence aNew DelhibVoice of India c1997 a177p aincludes index and biblioraphy2 aforword by mahmud ayoub aHindutva aBJP1 aElst, Koenraad